Speaking English Green (Record no. 887)

MARC details
000 -LEADER
Fixed length control field 00430nam a2200169 4500
003 - CONTROL NUMBER IDENTIFIER
Control field SEACOMEC
005 - DATE AND TIME OF LATEST TRANSACTION
Control field 20240412123639.0
008 - FIXED-LENGTH DATA ELEMENTS--GENERAL INFORMATION
Fixed length control field 240412b |||||||| |||| 00| 0 eng d
040 ## - CATALOGING SOURCE
Original cataloging agency SEACOMEC
041 ## - LANGUAGE CODE
Language code English
082 ## - DEWEY DECIMAL CLASSIFICATION NUMBER
Classification number 428.2
Book Number D145 Se
100 ## - MAIN ENTRY--PERSONAL NAME
Personal name Dallas, Don
245 ## - TITLE STATEMENT
Title Speaking English Green
Sub title Vol-1
Statement of responsibility Don Dallas
260 ## - IMPRINT
Place of publication New Delhi
Name of publisher Oriental Longman
Date of publication 2005
300 ## - PHYSICAL DESCRIPTION
Page / Vol. No Vol-1
Accompanying material Audio Cassette
942 ## - ADDED ENTRY ELEMENTS (KOHA)
Koha item type Books
Holdings
Withdrawn status Lost status Source of classification Damaged status Not for loan Home library Current library Date acquired Total Checkouts Call number Accession number Date last seen Price effective from Koha item type Copy number
    Dewey Decimal Classification     SEACOM ENGINEERING COLLEGE SEACOM ENGINEERING COLLEGE 12/04/2024   428.2 D145 Se 5021 12/04/2024 12/04/2024 Reference Books  
    Dewey Decimal Classification     SEACOM ENGINEERING COLLEGE SEACOM ENGINEERING COLLEGE 12/04/2024   428.2 D145 Se 5022 12/04/2024 12/04/2024 Books 1
    Dewey Decimal Classification     SEACOM ENGINEERING COLLEGE SEACOM ENGINEERING COLLEGE 12/04/2024   428.2 D145 Se 5023 12/04/2024 12/04/2024 Books 2
© Seacom Engineering College, All rights reserved.      Powered by Koha